Harry Potter Character by First Description Quiz Stats

 Plays Quiz Updated Jul 22, 2016

Challenge
Share
Tweet
Embed
Score 0/24 Timer 10:00
9 Plays Today
Description Character % Correct
Under a tuft of jet-black hair over his forehead they could see a curiously shaped cut, like a bolt of lightning.Harry Potter
92.4%
... a small girl, also red-headedGinny Weasley
92.1%
... a teacher with greasy black hair, a hooked nose, and sallow skin.Severus Snape
92%
He was almost twice as tall as a normal man and at least five times as wide.Rubeus Hagrid
91.4%
... a round- faced boy who was saying, 'Gran, I've lost my toad again.'Neville Longbottom
91.3%
He was tall, thin, and very old, judging by the silver of his hair and beard, which were both long enough to tuck into his belt.Albus Dumbledore
91.3%
... a plump woman who was talking to four boys, all with flaming red hairMolly Weasley (and Ron, Fred, George, and Percy)
90.9%
She was already wearing her new Hogwarts robes.Hermione Granger
90.9%
It was chalk white with glaring red eyes and slits for nostrils, like a snake.Voldemort (on Quirrell's head)
85.1%
... a tiny little wizard who had to stand on a pile of books to see over his desk.Filius Flitwick
83.8%
... a boy with a pale, pointed face...Draco Malfoy
83.8%
... very small, mousy-haired boy... clutching what looked like an ordinary muggle cameraColin Creevey
80.6%
Description Character % Correct
Both of them were thickset and looked extremely mean.Vincent Crabbe and Gregory Goyle
80%
He was a big, beefy man with hardly any neck, although he did have a very large mustache.Vernon Dursley
78.4%
She had straggly, waist-length, dirty blonde hair, very pale eyebrows, and protuberant eyes that gave her a permanently surprised lookLuna Lovegood
77.1%
An old man... his wide, pale eyes shining like moons through the gloom of the shop.Garrick Ollivander
71%
A centaur ... he had white-blonde hair and a palomino body.Firenze
68.5%
... a very good-looking wizard with wavy blonde hair and bright blue eyes.Gilderoy Lockhart
67.8%
A boy with dreadlocks was surrounded by a small crowd.Lee Jordan
64.2%
... a person, a burly fifth-year boy who came out of Flitwick's class...Oliver Wood
61%
(She) was thin and blonde and had nearly twice the usual amount of neck...Petunia Dursley
60.8%
... as unDursleyish as it was possible to be.James and Lily Potter
39.6%
A pale young man ... one of his eyes was twitching.Quirinius Quirrell
37.3%
A pink-faced girl with blonde pigtails...Hannah Abbott
33.5%

You're not logged in!

Compare scores with friends on all Sporcle quizzes.
Join for Free
OR
Log In

You Might Also Like...

Show Comments

Extras

Top Quizzes Today


Score Distribution

Your Account Isn't Verified!

In order to create a playlist on Sporcle, you need to verify the email address you used during registration. Go to your Sporcle Settings to finish the process.

Report this User

Report this user for behavior that violates our Community Guidelines.

Details: